[Event "KEN-chT"]
[Site "Nairobi"]
[Date "2017.08.05"]
[Round "17.2"]
[White "Kidula, Brian"]
[Black "Hawi, Jasper"]
[Result "1-0"]
[WhiteElo "1855"]
[BlackElo "1627"]
[PlyCount "82"]
[EventDate "2017.02.12"]
[EventType "team-tourn"]
[EventRounds "19"]
[EventCountry "KEN"]
[SourceTitle "EXT 2019"]
[Source "ChessBase"]
[SourceDate "2018.10.10"]
[SourceVersion "1"]
[SourceVersionDate "2018.10.10"]
[SourceQuality "1"]
[WhiteTeam "Equity Bank"]
[BlackTeam "Agr Kenyatta Univ"]
[WhiteTeamCountry "KEN"]
[BlackTeamCountry "KEN"]

1. d4 Nf6 2. c4 e6 3. Nf3 b6 4. e3 Bb7 5. Be2 Be7 6. Nc3 d5 7. 0-0 dxc4 8. Bxc4 Nbd7 9. a4 a6 10. Qe2 c5 11. Re1 cxd4 12. exd4 0-0 13. h3 Bb4 14. Bf4 Bxc3 15. bxc3 Ne4 16. Rac1 Ndf6 17. Ne5 Qe7 18. f3 Nd6 19. Bd3 Nd5 20. Bd2 f6 21. Ng4 Nf7 22. Bb1 Qd6 23. Qf2 Bc6 24. Bc2 b5 25. g3 e5 26. Ne3 exd4 27. Nf5 Qc5 28. Qxd4 Qxd4+ 29. Nxd4 Bd7 30. Be4 Nxc3 31. Bxc3 Rab8 32. Bb4 Rfe8 33. axb5 axb5 34. Ba3 Bxh3 35. g4 h5 36. Kh2 hxg4 37. Kg3 Rbd8 38. Nf5 Rxe4 39. Rxe4 g6 40. Ne7+ Kg7 41. fxg4 Ng5 1-0